The Little Things (Record no. 22594)

000 -LEADER
fixed length control field 00890nam a22002297a 4500
005 - DATE AND TIME OF LATEST TRANSACTION
control field 20260416115200.0
008 - FIXED-LENGTH DATA ELEMENTS--GENERAL INFORMATION
fixed length control field 260416b xxu||||| |||| 00| 0 eng d
040 ## - CATALOGING SOURCE
Transcribing agency Cagayan State University
245 ## - TITLE STATEMENT
Title The Little Things
Statement of responsibility, etc Directed by John Lee Hancock ; produced by John Lee Hancock, Mark Johnson ; written by John Lee Hancock
260 ## - PUBLICATION, DISTRIBUTION, ETC. (IMPRINT)
Place of publication, distribution, etc United States :
Name of publisher, distributor, etc Warner Bros. Pictures,
Date of publication, distribution, etc 2021.
300 ## - PHYSICAL DESCRIPTION
Extent 1 videofile, (ca. 128 min.) :
Other physical details sound, color.
500 ## - GENERAL NOTE
General note Summary derived from IMDb Web site.
520 ## - SUMMARY, ETC.
Summary, etc A deputy sheriff and a sergeant search for a serial killer who's terrorizing Los Angeles.
650 ## - SUBJECT ADDED ENTRY--TOPICAL TERM
Topical term or geographic name as entry element Crime.
650 ## - SUBJECT ADDED ENTRY--TOPICAL TERM
Topical term or geographic name as entry element Drama.
700 ## - ADDED ENTRY--PERSONAL NAME
Personal name Hancock, John Lee, director, producer and writer.
700 ## - ADDED ENTRY--PERSONAL NAME
Personal name Johnson, Mark, producer.
700 ## - ADDED ENTRY--PERSONAL NAME
Personal name Washington, Denzel, star.
700 ## - ADDED ENTRY--PERSONAL NAME
Personal name Malek, Rami, star.
700 ## - ADDED ENTRY--PERSONAL NAME
Personal name Leto, Jared, star.
942 ## - ADDED ENTRY ELEMENTS (KOHA)
Source of classification or shelving scheme
Item type Audio-Visual Materials
Holdings
Price effective from Permanent location Date last seen Not for loan Date acquired Source of classification or shelving scheme Koha item type Damaged status Lost status Withdrawn status Current location Full call number
2026-04-16Cagayan State University - Carig Library2026-04-16 2026-04-16 Audio-Visual Materials   Cagayan State University - Carig Library791.4372 H234l

Cagayan State University University Library, Carig Campus
Tuguegarao City, Cagayan 3500 | www.csucarig.edu.ph

Powered by Koha